Fr. Conceicao Rodrigues College of Engineering

General And Communication Studies Manual (Record no. 33938)

MARC details
000 -LEADER
fixed length control field 00358nam a2200145Ia 4500
082 ## - DEWEY DECIMAL CLASSIFICATION NUMBER
Classification number 1.5
Item number Wel/All
100 ## - MAIN ENTRY--PERSONAL NAME
Personal name Welch/K/ Fillison/P
245 ## - TITLE STATEMENT
Title General And Communication Studies Manual
260 ## - PUBLICATION, DISTRIBUTION, ETC.
Name of publisher, distributor, etc. Longman
Place of publication, distribution, etc. London
Date of publication, distribution, etc. 1979
546 ## - LANGUAGE NOTE
Language note ENGLISH
650 ## - SUBJECT ADDED ENTRY--TOPICAL TERM
Topical term or geographic name entry element General
654 ## - SUBJECT ADDED ENTRY--FACETED TOPICAL TERMS
Focus term General And Communication Studies Manual
942 ## - ADDED ENTRY ELEMENTS (KOHA)
Koha item type BOOK
Holdings
Withdrawn status Lost status Damaged status Not for loan Collection Home library Current library Shelving location Date acquired Total Checkouts Full call number Barcode Date last seen Price effective from Koha item type
        AFT Fr. Agnel's C.Rodrigues College of Engineering Fr. Agnel's C.Rodrigues College of Engineering   17/03/2023   1.5 Wel/All AFT4024 17/03/2023 17/03/2023 BOOK